MARC

LEADER 00000nam0a2200000 4500
001 267275
005 20231101234053.0
020 |a RU  |b 87-16361 
035 |a (RuTPU)RU\TPU\book\290331 
090 |a 267275 
100 |a 20140725d1987 k y0rusy5003 ca 
101 0 |a rus 
102 |a RU 
105 |a y z 101zy 
200 1 |a Теория приближения функций  |e труды Международной конференции по теории приближения функций, Киев, 31 мая - 5 июня 1983 г.  |f Академия наук СССР (АН СССР), Математический институт им. В. А. Стеклова (МИАН) ; под ред. Н. П. Корнейчука 
210 |a Москва  |c Наука  |d 1987 
215 |a 550 с. 
320 |a Библиогр. в конце ст. 
606 1 |a Приближений теория  |2 stltpush  |3 (RuTPU)RU\TPU\subj\51522  |9 70095 
610 1 |a конференции 
610 1 |a функции 
610 1 |a ряды Фурье 
610 1 |a аппроксимация 
610 1 |a вычислительная математика 
610 1 |a неравенства 
610 1 |a операторы 
610 1 |a чебышевские приближения 
675 |a 517.518(063)  |z rus  |v 3 
702 1 |a Корнейчук  |b Н. П.  |g Николай Павлович  |4 340 
712 0 2 |a Академия наук СССР (АН СССР)  |b Математический институт им. В. А. Стеклова (МИАН)  |2 stltpush  |3 (RuTPU)RU\TPU\col\11336 
712 1 2 |a Теория приближения функций  |c конференция  |e Киев  |f 1983 
801 0 |a RU  |b RuMRKP  |c 19950417  |g psbo 
801 1 |a RU  |b 63413507  |c 20140725 
801 2 |a RU  |b 63413507  |c 20160907  |g RCR 
942 |c BK